01470nam a22001937a 450000500170000000800410001702000180005804000130007608200180008910000220010724501070012926000280023630000180026450000510028252008940033354600080122765000170123565000240125220260610105608.0260610s2017 |||||||| |||| 00| 0 eng d a9783319633749 cPK-LaUMT a153.12bPEN-R1 aPendergrast, Mark14aThe repressed memory epidemic :bhow it happened and what we need to learn from it /cMark Pendergrast aCham :bSpringer,c2017 axxxii, 628 p. aIncludes bibliographical references and index. aThis book offers a comprehensive overview of the concept of repressed memories. It provides a history and context that documents key events that have had an effect on the way that modern psychology and psychotherapy have developed. Chapters provide an overview of how human memory functions and works and examine facets of the misguided theories behind repressed memory. The book also examines the science of the brain, the reconstructive nature of human memory, and studies of suggestibility. It traces the present-day resurgence of a belief in repressed memories in the general public as well as among many clinical psychologists, psychiatrists, social workers, "body workers," and others who offer counseling. It concludes with legal and professional recommendations and advice for individuals who deal with or have dealt with the psychotherapeutic practice of repressed memory therapy. aEng aFalse memory aMemory (Psychology)